Tharathamya Sahitya Chinta (Record no. 98682)

MARC details
000 -LEADER
fixed length control field 00491nam a2200181Ia 4500
003 - CONTROL NUMBER IDENTIFIER
control field OSt
005 - DATE AND TIME OF LATEST TRANSACTION
control field 20220115053743.0
008 - FIXED-LENGTH DATA ELEMENTS--GENERAL INFORMATION
fixed length control field 211118s9999||||xx |||||||||||||| ||und||
040 ## - CATALOGING SOURCE
Transcribing agency SBCL
082 ## - DEWEY DECIMAL CLASSIFICATION NUMBER
Classification number 894.81207
Item number KAR-T
100 ## - MAIN ENTRY--PERSONAL NAME
Personal name Karassery, M N
245 #0 - TITLE STATEMENT
Title Tharathamya Sahitya Chinta
260 ## - PUBLICATION, DISTRIBUTION, ETC.
Name of publisher, distributor, etc. Simon & Schuster
Place of publication, distribution, etc. New Delhi
Date of publication, distribution, etc. 1998
300 ## - PHYSICAL DESCRIPTION
Extent 160p.
630 ## - SUBJECT ADDED ENTRY--UNIFORM TITLE
General subdivision General Stack
650 ## - SUBJECT ADDED ENTRY--TOPICAL TERM
Topical term or geographic name entry element Malayalam Literature
942 ## - ADDED ENTRY ELEMENTS (KOHA)
Koha item type BOOK
650 ## - SUBJECT ADDED ENTRY--TOPICAL TERM
Form subdivision altaic,uralic,hyperborean and dravidianGeneralia
Holdings
Withdrawn status Lost status Source of classification or shelving scheme Damaged status Not for loan Home library Current library Date acquired Cost, normal purchase price Full call number Barcode Shelving location Date last seen Price effective from Koha item type
    Dewey Decimal Classification     SB LIBRARY SB LIBRARY 18/11/2021 20.00 894.81207 KAR-T 00104084 GENERAL STACK 18/11/2021 18/11/2021 BOOK

Powered by Koha